The large-cap portfolio (Record no. 88390)
[ view plain ]
| 000 -LEADER | |
|---|---|
| fixed length control field | 02844nam a2200373 a 4500 |
| 082 04 - DEWEY DECIMAL CLASSIFICATION NUMBER | |
| Classification number | 332.63/22 |
| 100 1# - MAIN ENTRY--AUTHOR NAME | |
| Personal name | Villalta, Thomas, |
| 245 14 - TITLE STATEMENT | |
| Title | The large-cap portfolio |
| 260 ## - PUBLICATION, DISTRIBUTION, ETC. (IMPRINT) | |
| Place of publication | Hoboken, N.J. : |
| Name of publisher | Bloomberg Press, |
| Year of publication | 2012. |
| 300 ## - PHYSICAL DESCRIPTION | |
| Number of Pages | xvii, 286 p. : |
| Other physical details | ill. |
| 490 1# - SERIES STATEMENT | |
| Series statement | Bloomberg financial series |
| 505 0# - FORMATTED CONTENTS NOTE | |
| Formatted contents note | pt. 1. The large-cap opportunity and challenge -- pt. 2. Market inefficiency -- pt. 3. Research and portfolio management. |
| 520 ## - SUMMARY, ETC. | |
| Summary, etc | "The practical guide to finding value and opportunity in large-cap stocks using investor behavior. Large-Cap is an abbreviation of the term "large market capitalization" and refers to the stock of publicly traded companies with market capitalization values of roughly more than $10 billion, like Walmart, Microsoft, and Ford. Because of their size, the conventional view is that these companies do not present investors with an ability to be opportunistic. The Large-Cap Portfolio + Website argues that, contrary to popular perceptions, significant opportunities exist in these stocks.Written with a fluency that both the savvy amateur and professional investor will understand, the book fills a void in the market by offering the practitioner a methodology to identify and approach the major assumptions that underlie valuation, with an emphasis on issues that are more relevant to the analysis of large-cap stocks. Full of useful information on how to reap the rewards of stocks that most investors avoid. Presents essential insights into understanding stock valuation. Includes an actionable chapter devoted to portfolio management. Packed with timely instruction, Large-Cap Portfolio gives readers invaluable insights and examples of how to build portfolios that will out-perform broad market benchmarks"-- |
| 650 #0 - SUBJECT ADDED ENTRY--TOPICAL TERM | |
| Topical Term | Stocks. |
| Topical Term | Investments |
| 856 40 - ELECTRONIC LOCATION AND ACCESS | |
| Uniform Resource Identifier | http://site.ebrary.com/lib/rucke/Doc?id=10558138 |
| 520 ## - SUMMARY, ETC. | |
| -- | Provided by publisher. |
No items available.
